000 00759nam a2200205 i 4500
001 180666
003 ES-MaACL
005 20230906221146.0
008 120619s1976 sp |||| | spa d
080 _a535(043.2)
100 1 _aAbbad Pociello, Francisco,
_9150685
245 1 0 _aEstudios de criterios de optimización para el cálculo automático de sistemas ópticos /
_cpor Francisco Abbad Pociello.
260 _aBarcelona :
_bUniversidad, Secretariado de Publicaciones, Intercambio Científico y Extensión Universitaria,
_c1976.
300 _a12 p. ;
_c24 cm.
500 _aTesis Univ. Barcelona (Extracto)
650 0 4 _aOptica.
_915726
710 2 _aUniversidad de Barcelona.
_97141
852 _aES-MaACL
_jE-15362(203)
999 _c180666
_d180666